| 000 | 00697nam a22001577a 4500 | ||
|---|---|---|---|
| 999 |
_c61438 _d61438 |
||
| 005 | 20240313153542.0 | ||
| 008 | 240313s1958 ru ||||| |||| 00| 0 rus d | ||
| 041 | _arus | ||
| 080 | _a821.412'01-34 К-19 | ||
| 100 |
_aКацнельсон, И. С. _921419 |
||
| 245 |
_aФараон Хуфу и чародеи : _bСказки, повести, поучения Древнего Египта / _cСоставление, предисловие и примечания И.С. Кацнельсона. |
||
| 264 |
_aМосква : _bГослитиздат, _c1958. |
||
| 300 |
_a262 с. : _bил. ; _c21 см. |
||
| 653 | _aძველეგვიპტური პროზა | ||
| 942 |
_2udc _cBK |
||